The Columbia Lippincott gazetteer of the world

محفوظ في:
التفاصيل البيبلوغرافية
التنسيق: كتاب
اللغة:Undetermined
منشور في: Columbia Columbia Univ 1966
الموضوعات:
الوسوم: إضافة وسم
لا توجد وسوم, كن أول من يضع وسما على هذه التسجيلة!
Thư viện lưu trữ: Trung tâm Học liệu Trường Đại học Cần Thơ
LEADER 00432nam a2200157Ia 4500
001 CTU_26754
008 210402s9999 xx 000 0 und d
082 |a 910.3 
082 |b C726 
245 4 |a The Columbia Lippincott gazetteer of the world 
260 |a Columbia 
260 |b Columbia Univ 
260 |c 1966 
650 |a gazetteers,geography 
904 |i Minh, 981020 
980 |a Trung tâm Học liệu Trường Đại học Cần Thơ